00436nam a2200181 a 4500001001300000003000900013005001700022008004100039020001000080082001500090100001900105245002300124260003400147300000900181500003500190505001000225700001900235nice12345678IN_TiNIC20260116011734.0050524s1920 quma grp 000 0 per  ac10000a297.4bTAQ aTaqi, Mohammad aArmaghan-E-Khanqah aQum Iran bHikmat Pressc1920 a185p aincludes index and biblioraphy2 aIndex1 aTaqi, Mohammad